000 00472pab a2200169 454500
008 180718b2000 xxu||||| |||| 00| 0 eng d
100 _aVatta, Kamal
245 _aPattern of growth of major agricultural crops in Punjab
260 _c2000
300 _ap.81-84
362 _aMay
650 _aAgricultural production - India - Punjab
650 _aAgricultural production
700 _aAggarwal, Meenu
773 _aAgricultural Situation in India
909 _a46105
999 _c46105
_d46105